|
|
|
|
| LEADER |
00000nas a2200000 i 4500 |
| 001 |
ssj0000800787 |
| 003 |
WaSeSS |
| 005 |
20200512172242.0 |
| 006 |
m d |
| 007 |
cr n |
| 008 |
110714c20119999nz x p s 0 0eng c |
| 010 |
|
|
|a 2013247778
|
| 016 |
7 |
|
|a 101584913
|2 DNLM
|
| 022 |
|
|
|a 2230-522X
|l 2230-522X
|
| 035 |
|
|
|a (WaSeSS)ssj0000800787
|
| 040 |
|
|
|a NZ1
|b eng
|e pn
|c NZ1
|d CUS
|d PFM
|d OCLCO
|d AU@
|d OCLCF
|d CUS
|d OCLCO
|d EUW
|d OCLCO
|d NLM
|d OCLCO
|d OCLCQ
|d OCLCO
|d WT2
|d OCLCO
|d OCLCQ
|d OCLCA
|d OCLCQ
|d OCLCA
|d UAB
|d OCLCQ
|d RDF
|d OCLCQ
|d WaSeSS
|
| 042 |
|
|
|a pcc
|
| 050 |
1 |
4 |
|a RT1
|
| 060 |
0 |
0 |
|a W1
|
| 082 |
0 |
4 |
|a 610.7305
|2 22
|
| 130 |
0 |
|
|a Nursing (Auckland, N.Z.)
|
| 210 |
1 |
0 |
|a Nursing (Auckl)
|2 dnlm
|
| 210 |
1 |
|
|a Nursing
|
| 222 |
|
0 |
|a Nursing
|
| 245 |
1 |
0 |
|a Nursing
|h [electronic resource] :
|b research and reviews.
|
| 246 |
1 |
|
|i Title in HTML header:
|a Journal of nursing, research and reviews
|
| 246 |
1 |
|
|a Nursing research and reviews
|
| 260 |
|
|
|a [Auckland, New Zealand] :
|b Dove Medical Press,
|c [2011]-
|
| 310 |
|
|
|a Irregular
|
| 362 |
1 |
|
|a Began with Volume 1 (2011).
|
| 506 |
|
|
|a License restrictions may limit access.
|
| 515 |
|
|
|a Articles added irregularly during the year and collected into annual issues.
|
| 515 |
|
|
|a Numbering from content page.
|
| 588 |
0 |
|
|a Volume 1 (2011); title from journal home page (publisher's Web site, viewed on November 14, 2013).
|
| 588 |
1 |
|
|a Volume 5 (2015) (viewed December 1, 2015).
|
| 650 |
|
0 |
|a Nursing
|v Periodicals.
|
| 650 |
1 |
2 |
|a Nursing Care.
|
| 650 |
|
7 |
|a Nursing.
|2 fast
|0 (OCoLC)fst01041731
|
| 655 |
|
0 |
|a Electronic journals.
|
| 856 |
4 |
0 |
|z Full text available from Research Library: 01/01/2011 to present
|u https://search.proquest.com/publication/3933340
|